Score 0/18 Timer 05:00
0 Plays Today
% Correct
Alligator
100%
Crocodile
87.5%
Iguana
87.5%
Gecko
87.5%
Cobra
87.5%
Tortoise
87.5%
Komodo dragon
87.5%
Frog
87.5%
Toad
87.5%
% Correct
Chameleon
75%
Snake
75%
Turtle
75%
Terrapin
75%
Caiman
62.5%
Lizard
62.5%
Salamander
62.5%
Newt
50%
Caecilian
25%
Remove Ads.
Support Sporcle.
Get the best of Sporcle when you Go Orange. This ad-free experience offers more features, more stats, and more fun while also helping to support Sporcle. Thank you for becoming a member.

You're not logged in!

Compare scores with friends on all Sporcle quizzes.
OR
Log In

Sporcle TV

Today on Sporcle TV


Watch our educational content, quiz creation guides, and fun videos on Sporcle TV.

Show Comments

Extras

Created May 7, 2020ReportNominate
Tags:Amphibian, reptile, Slideshow

Top Quizzes Today


Score Distribution

Paid Content

Your Account Isn't Verified!

In order to create a playlist on Sporcle, you need to verify the email address you used during registration. Go to your Sporcle Settings to finish the process.

Report this User

Report this user for behavior that violates our Community Guidelines.

Details: